Clubs français de football de la Ligue 1 au National 2024-2025 - Statistiques

Statistiques générales
  • Ce quiz a été pris 314 fois
  • Le résultat moyen est 39 sur 53
Réponses sur la Carte
Les réponses sont colorées sur une échelle allant du rouge au vert en fonction du pourcentage des utilisateurs qui les ont devinées à leur premier essai. Vous pouvez retrouver ces pourcentages ci-dessous.
 
Statistiques - réponses
Paths % Correct
Paris Saint-Germain
99%
Olympique de Marseille
98%
Lille OSC
97%
Olympique Lyonnais
97%
OGC Nice
94%
RC Lens
93%
Toulouse FC
93%
AS Monaco
92%
FC Nantes
92%
Montpellier Hérault SC
92%
RC Strasbourg Alsace
92%
Stade Brestois
92%
Stade Rennais
92%
AS Saint-Étienne
91%
Paris FC
91%
Angers SCO
88%
Stade de Reims
88%
FC Metz
87%
Le Havre AC
87%
AC Ajaccio
86%
AJ Auxerre
85%
SC Bastia
84%
FC Lorient
82%
Clermont Foot 63
77%
SM Caen
77%
Amiens SC
76%
AS Nancy Lorraine
75%
Dijon FCO
73%
USL Dunkerque
73%
Red Star FC
72%
En Avant de Guingamp
71%
FC Annecy
69%
Nîmes Olympique
69%
Grenoble Foot 38
68%
Pau FC
68%
ESTAC Troyes
67%
FC Rouen
66%
FC Sochaux-Montbéliard
63%
Le Mans FC
62%
FC Martigues
58%
Valenciennes FC
57%
US Orléans
56%
Rodez Aveyron Football
55%
Stade Lavallois
54%
FC Versailles 78
52%
LB Châteauroux
46%
US Concarneau
44%
US Quevilly Rouen Métropole
44%
US Boulogne CO
41%
Paris 13 Atletico
39%
FC Villefranche Beaujolais
33%
Aubagne FC
31%
Bourg en Bresse Peronnas 01
31%
Aucun quiz correspondant
Distribution des résultats
% des personnes avec chaque résultat
Percentile par nombre de réponses
Votre historique - résultats
Vous n’avez pas pris ce quiz